000 00509nam a2200205 a 4500
999 _c7459
_d7459
001 7459
003 BD-JhCC
005 20180210164318.0
008 171128s2005 uk |||| || | 000 0 eng d
035 _a(BD-JhCC)4518
040 _aBD-JhCC
_dBD-JhCC
041 _aeng
082 _a380.1
_bLOB 2005
100 _aLobley, Derk
245 _aSuccess in Commerce /
_cDerek Lobley
260 _aLondon:
_bJohn Murray Publishers Ltd,
_c2005
300 _a291 p. :
_c22 cm.
650 _aCommerce
942 _2ddc
_cBK